Detalles MARC
| 000 -LÍDER |
| Campo fijo de descripción fija |
01412cam a2200313 i 4500 |
| 001 - NÚMERO DE CONTROL |
| Campo de control |
768714001 |
| 003 - IDENTIFICADOR DEL NÚMERO DE CONTROL |
| Campo de control |
CO-MdFUSB |
| 005 - FECHA Y HORA DE LA ULTIMA TRANSACCIÓN |
| control field |
20241204132324.0 |
| 007 - CAMPO FIJO DE DESCRIPCIÓN FIJA--INFORMACIÓN GENERAL |
| Campo fijo de descripción fija |
ta |
| 008 - ELEMENTOS DE LONGITUD FIJA -- INFORMACIÓN GENERAL |
| Campo fijo de descripción fija -- Información general |
180502t1938 enk||||g |||| 00| 0 eng d |
| 040 ## - FUENTE DE CATALOGACIÓN |
| Agencia de catalogación original |
CO-MdFUSB |
| Idioma de catalogación |
spa |
| Agencia que realiza la transcripción |
CO-MdFUSB |
| Agencia que realiza la modificación |
CO-MdFUSB |
| Convenciones de la descripción |
rda |
| 041 ## - CÓDIGO DE IDIOMA |
| Código de idioma para texto/pista de sonido o título separado |
eng |
| 082 ## - NÚMERO DE CLASIFICACIÓN DECIMAL DEWEY |
| Número de la edición del Dewey |
24 |
| Número de clasificación |
238 |
| Clave de autor-Numero de item |
B132h |
| 100 1# - ASIENTO PRINCIPAL--NOMBRE PERSONAL |
| Nombre personal |
Badcock, F. J. |
| Término relacionador |
autor |
| 245 04 - TÍTULO |
| Título del Material |
The History of the creeds |
| Mención de responsabilidad, etc. |
/ F. J. Badcock |
| 264 #1 - PRODUCCIÓN, PUBLICACIÓN, DISTRIBUCIÓN, MANUFACTURA, Y COPYRIGHT |
| Lugar de producción, publicación, distribución, manufactura |
London : |
| Nombre del productor, publicador, distribuidor |
SPCK, |
| Fecha de producción, publicación, distribución, manufactura, o copyright |
[1938] |
| 264 #4 - PRODUCCIÓN, PUBLICACIÓN, DISTRIBUCIÓN, MANUFACTURA, Y COPYRIGHT |
| Fecha de producción, publicación, distribución, manufactura, o copyright |
℗1938 |
| 300 ## - DESCRIPCIÓN FÍSICA |
| Extensión |
xiv, 282 páginas |
| 336 ## - TIPO DE CONTENIDO |
| Fuente |
rdacontent |
| Término de tipo de contenido |
texto |
| Código de tipo de contenido |
txt |
| 337 ## - TIPO DE MEDIO |
| Fuente |
rdamedia |
| Nombre del tipo de medio |
sin mediación |
| Código del tipo de medio |
n |
| 338 ## - TIPO DE SOPORTE |
| Fuente |
rdacarrier |
| Nombre del tipo de soporte |
volumen |
| Código Tipo de soporte |
nc |
| 501 ## - NOTA DE “CON” |
| Nota de Contenido |
Incluye índice (páginas. 273-282) |
| 505 ## - NOTA DE CONTENIDO |
| Nota de contenido con formato preestablecido |
Credos y su clasificación -- Credos orientales primitivos -- Credos bautismales del oriente del siglo IV -- Los credos de Niceta de Remesiana y Jerome -- Credos occidentales europeos -- ¿Cómo crecen los credos? -- El credo bautismal primitivo de Roma -- La ampliación del credo romano -- El textus receptus, T -- El título Symbolum Apostolorum, la historia de una leyenda -- El credo de Nicea, su composición original -- El credo de Nicea, su ampliación -- El credo de Nicea, la historia posterior -- El Quicumque Vult -- La "comunión de los santos ", como un artículo del credo |
| 563 ## - NOTA DE ENCUADERNACIÓN |
| Nota de encuadernación |
Pasta dura |
| 650 #0 - ASIENTO SECUNDARIO DE MATERIA - TERMINO TEMÁTICO |
| Término temático o nombre geográfico como elemento de entrada |
Credos |
| 9 (RLIN) |
683 |
| 942 ## - TIPO DE MATERIAL (KOHA) |
| Tipo de Item KOHA |
Libros General |
| 945 ## - INFORMACIÓN LOCAL DEL REGISTRO |
| Catalogador |
Miguel |